Boost for the North (Record no. 118031)
[ view plain ]
| 000 -LEADER | |
|---|---|
| fixed length control field | 01147cam a2200217 4500 |
| 001 - CONTROL NUMBER | |
| control field | WB@3612-723 |
| 008 - FIXED-LENGTH DATA ELEMENTS--GENERAL INFORMATION | |
| fixed length control field | 040922n2004 000 0 eng u |
| 035 ## - SYSTEM CONTROL NUMBER | |
| System control number | (Sirsi) u127488 |
| 245 ## - TITLE STATEMENT | |
| Title | Boost for the North |
| 260 ## - PUBLICATION, DISTRIBUTION, ETC. | |
| Date of publication, distribution, etc. | 2004 |
| 490 ## - SERIES STATEMENT | |
| Series statement | ODPM News Release |
| Volume/sequential designation | (2004/0225) 20 September 2004 (4) |
| 520 ## - SUMMARY, ETC. | |
| Summary, etc. | A new £100m growth fund to help drive forward a groundbreaking vision for the economic renaissance of northern England, has been launched by the three Northern Regional Development Agencies and the Deputy Prime Minister. "Moving forward: the northern way" is a growth strategy to boost prosperity across the north to close a £29bn productivity gap with the rest of the country. The aim is to create more jobs, investment and opportunities for the 15m people living in the regions. For further details see: http://www.thenorthernway.co.uk/. http://www.odpm.gov.uk/pns/DisplayPN.cgi?pn_id=200 4_0225 |
| 590 ## - LOCAL NOTE (RLIN) | |
| Local note | WB |
| 590 ## - LOCAL NOTE (RLIN) | |
| Local note | WB |
| 650 ## - SUBJECT ADDED ENTRY--TOPICAL TERM | |
| Topical term or geographic name entry element | NORTH-SOUTH DIVIDE |
| 650 ## - SUBJECT ADDED ENTRY--TOPICAL TERM | |
| Topical term or geographic name entry element | SUSTAINABLE COMMUNITIES |
| 650 ## - SUBJECT ADDED ENTRY--TOPICAL TERM | |
| Topical term or geographic name entry element | REGIONAL DEVELOPMENT AGENCIES |
| 650 ## - SUBJECT ADDED ENTRY--TOPICAL TERM | |
| Topical term or geographic name entry element | NORTHERN ENGLAND |
| 690 ## - LOCAL SUBJECT ADDED ENTRY--TOPICAL TERM (OCLC, RLIN) | |
| Topical term or geographic name as entry element | REGENERATION |
| 942 ## - ADDED ENTRY ELEMENTS (KOHA) | |
| Suppress in OPAC | 0 |
| Withdrawn status | Lost status | Source of classification or shelving scheme | Damaged status | Not for loan | Home library | Current library | Shelving location | Date acquired | Total Checkouts | Full call number | Barcode | Date last seen | Copy number | Price effective from | Koha item type |
|---|---|---|---|---|---|---|---|---|---|---|---|---|---|---|---|
| Dewey Decimal Classification | London | London | News article | 22/09/2004 | WB4036-13 | 127488-1001 | 06/08/2019 | 1 | 06/08/2019 | News article |